| 000 | 00558nam a22001817a 4500 | ||
|---|---|---|---|
| 005 | 20251108164042.0 | ||
| 008 | 250721s1994 xx 000 0 ara d | ||
| 082 | 1 | 4 | _a321.40956/غال |
| 100 | 1 | _aشكري، غالي | |
| 245 | 1 | 0 |
_aالخروج على النص : _bتحديات الثقافة و الديموقراطية / |
| 264 | 1 |
_aالقاهرة : _bسينا للنشر، _c1994. |
|
| 300 | _a253ص | ||
| 650 | 1 | 7 | _aالديمقراطية |
| 650 | 1 | 7 | _aالبلدان العربية |
| 650 | 1 | 7 | _aالثقافة |
| 942 |
_2ddc _cBK |
||
| 999 |
_c2388 _d2388 |
||